|
|
|
|
| LEADER |
00000nam a2200000 a 4500 |
| 001 |
vtls010307149 |
| 003 |
SK-MaSNL |
| 005 |
20260301032017.0 |
| 008 |
110830s2002 xo a 000 0dslo |
| 020 |
|
|
|a (brož.)
|
| 040 |
|
|
|a SNK
|b slo
|c SNK
|e AACR2
|
| 041 |
0 |
|
|a slo
|a eng
|
| 044 |
|
|
|a xo
|c SK
|
| 072 |
|
7 |
|a 72/76
|x Výtvarné umenie
|2 konspekt
|
| 080 |
|
|
|a 72/76(44)
|2 2001
|
| 080 |
|
|
|a 72/76.071.1
|2 2001
|
| 080 |
|
|
|a (44)
|2 2001
|
| 080 |
|
|
|a (083.824)
|2 2001
|
| 245 |
0 |
0 |
|a Robert Combas
|b sloboda, rozmanitosť a úzkosť
|
| 246 |
1 |
1 |
|a Freedom, diversity and oppression
|
| 250 |
|
|
|a [1. vyd.]
|
| 260 |
|
|
|a Bratislava
|b Danubiana Meulensteen Art Museum
|c [2002]
|
| 300 |
|
|
|a [6] s.
|b ilustr, fotogr.
|c 21 cm
|
| 500 |
|
|
|a Názov z obalu
|
| 500 |
|
|
|a 1 skladačka
|
| 546 |
|
|
|a Súbež. text angl.
|
| 600 |
1 |
7 |
|a Combas, Robert,
|d 1957-
|2 SNKMA
|9 328532
|
| 648 |
|
7 |
|a 20.-21. stor.
|2 SNKPH
|9 270701
|
| 648 |
|
7 |
|a 20th-21st centuries
|2 SNKPHeng
|9 285312
|
| 650 |
0 |
7 |
|a francúzske výtvarné umenie
|2 SNKPH
|9 76086
|
| 650 |
0 |
7 |
|a výtvarníci
|2 SNKPH
|9 118705
|
| 650 |
0 |
7 |
|a French art
|2 SNKPHeng
|9 328533
|
| 650 |
0 |
7 |
|a Artists
|2 SNKPHeng
|9 265151
|
| 655 |
|
7 |
|a katalógy výstav
|2 SNKPH
|9 70445
|
| 655 |
|
7 |
|a Exhibition catalogs
|2 SNKPHeng
|9 266232
|
| 999 |
|
|
|c 577666
|d 579596
|
| 952 |
|
|
|a SNK
|b SNK
|y PREZ
|7 0
|p 17A0631852
|o snkOSC 25714
|i snk2011/18023
|8 1
|0 0
|1 0
|4 0
|d 2011-08-30
|l 0
|r 2026-02-23 14:38:53
|w 2026-02-23
|